000 00397 a2200157 4500
003 Nust
005 20170207165239.0
020 _a9780470997901 (inb.)
035 _a(BOKR)9780470997901
040 _cNust
082 _a005.8
100 1 _aGurtov, Andrei
245 1 0 _aHost Identity Protocol (HIP): Towards the Secure Mobile Internet(E Book)
260 _bJohn Wiley & Sons,
_c2008
300 _a328 s.
942 _2ddc
_cBK
999 _c211145
_d211145